Tục ngữ ca dao dân ca Việt Nam

সংরক্ষণ করুন:
গ্রন্থ-পঞ্জীর বিবরন
প্রধান লেখক: Vũ, Ngọc Phan
অন্যান্য লেখক: Vũ Ngọc Phan
ভাষা:Undetermined
প্রকাশিত: Hà Nội Kim Đồng 2016
বিষয়গুলি:
ট্যাগগুলো: ট্যাগ যুক্ত করুন
কোনো ট্যাগ নেই, প্রথমজন হিসাবে ট্যাগ করুন!
Thư viện lưu trữ: Trung tâm Học liệu Trường Đại học Trà Vinh
LEADER 00638nam a2200229Ia 4500
001 TVU_23091
008 210423s9999 xx 000 0 und d
020 |a 9786042058476 
041 |a Vie 
082 |a 398.809597,398.809597 
082 |b Ph105/T.1 
100 |a Vũ, Ngọc Phan 
245 0 |a Tục ngữ ca dao dân ca Việt Nam 
245 0 |c Vũ Ngọc Phan 
260 |a Hà Nội 
260 |b Kim Đồng 
260 |c 2016 
300 |a 326 tr. 
300 |c 23 cm 
650 |a Ca dao Việt Nam; Dân ca Việt Nam; Tục ngữ Việt Nam 
700 |a Vũ Ngọc Phan 
980 |a Trung tâm Học liệu Trường Đại học Trà Vinh